000 01336nam a22003737a 4500
003 CHAP
005 20220329134238.0
008 971013s1977 r 00010 d
010 _a17521
011 _a18493
035 _a22578
040 _cCHAP
090 _aTesis
100 0 0 _aHurtado Mendialdúa, Daniel Víctor.
_956987
245 _aEfectos diversos tratamientos sobre germinación y principios de desarrollo en el nogal pecanero (Carya illinoensis koch), Monterrey, N.L.
260 _aMonterrey, N.L. :
_bEl Autor,
_c1977
300 _a98 h.
_b: ilus. ; gráfs.
502 _aTesis (Ing. Agr. en Producción) -- ITESM. Div. de Ciencias Agropecuarias y Marítimas
590 _aALEPH
_b10
_c20130110
_lUCH01
_h1240
590 _aBATCH-UPD
_b10
_c20130110
_lUCH01
_h0223
590 _aBATCH-UPD
_b10
_c20130110
_lUCH01
_h1057
590 _aBATCH-UPD
_b10
_c20130409
_lUCH01
_h2244
590 _aBATCH-UPD
_b10
_c20130410
_lUCH01
_h1031
590 _aBATCH-UPD
_b10
_c20130914
_lUCH01
_h1540
590 _aCONVERSION
_b10
_c20130109
_lUCH01
_h1311
650 1 4 _aGerminación.
_947755
650 1 4 _aNogal.
_981544
650 1 4 _aPecán.
_986484
650 1 4 _aPlantas
_xCrecimiento
_xAditivos.
_988804
650 1 4 _aSemillas
_xRendimiento.
_9103930
901 _aBK
942 _cTESIS
949 _bBC
_cTES
_d-52904
_eTS1
_h36044
_i22578
_sb
999 _c17521
_d17521